Effect of dried cassava leave replacing dried fish on growth of peking duck, ឥទ្ធពលនៃការប្រើប្រាស់ស្លឹកដំឡូងមីក្រៀមជំនួសម្សៅត្រី ទៅលើការលូតលាស់ទាប៉េកាំង (Record no. 2050)

000 -LEADER
fixed length control field 00660nam a22001577a 4500
003 - CONTROL NUMBER IDENTIFIER
control field OSt
005 - DATE AND TIME OF LATEST TRANSACTION
control field 20151006145331.0
008 - FIXED-LENGTH DATA ELEMENTS--GENERAL INFORMATION
fixed length control field 151006b xxu||||| |||| 00| 0 eng d
040 ## - CATALOGING SOURCE
Transcribing agency RUA
082 ## - DEWEY DECIMAL CLASSIFICATION NUMBER
Classification number AVM LOU 2006 B076 Or.1
100 ## - MAIN ENTRY--PERSONAL NAME
9 (RLIN) 2179
Personal name LOUN, SOKHOM.
245 ## - TITLE STATEMENT
Title Effect of dried cassava leave replacing dried fish on growth of peking duck, ឥទ្ធពលនៃការប្រើប្រាស់ស្លឹកដំឡូងមីក្រៀមជំនួសម្សៅត្រី ទៅលើការលូតលាស់ទាប៉េកាំង
260 ## - PUBLICATION, DISTRIBUTION, ETC. (IMPRINT)
Place of publication, distribution, etc. Phnom Penh
Name of publisher, distributor, etc. RUA
Date of publication, distribution, etc. 2006
300 ## - PHYSICAL DESCRIPTION
Extent 42p.
Other physical details ill.
Dimensions 29cm.
942 ## - ADDED ENTRY ELEMENTS (KOHA)
Source of classification or shelving scheme
Koha item type AVM
Holdings
Price effective from Date last seen Permanent Location Not for loan Date acquired Source of classification or shelving scheme Koha item type Barcode Lost status Damaged status Shelving location Withdrawn status Current Location Full call number
2015-10-062015-10-06Library Block B 2015-10-06 AVMRUA007794  B076 Library Block BAVM LOU 2006 B076 Or.1
2015-10-062015-10-06Library Block B 2015-10-06 AVMRUA007642  B076 Library Block BAVM LOU 2006 B076 Or.2
2015-10-062015-10-06Library Block B 2015-10-06 AVMRUA007652  B076 Library Block BAVM LOU 2006 B076 Or.3
មជ្ឈមណ្ឌលឯការនៃសាកលវិទ្យាល័យភូមិន្ទកសិកម្មចំការដូង

Powered by Koha